000 00785nam a2200217 u 4500
005 20210223131314.0
008 100611s1996 es r 000 0 spa d
020 _a8431637390
035 _aUPN01000176468
049 _aCG
050 4 _aPQ6656 E7.62
_bB5.3
100 1 _aFernán-Gómez, Fernando,
_d1921-
245 1 4 _aLas bicicletas son para el verano /
_cFernando Fernán-Gómez ; ed., introd. y análisis de la obra Manuel Aznar Soler, J. Ramón Lólez García ; il. Fuencisla del Amo.
260 _aBarcelona, Esp. :
_bVicens Vives,
_c1996.
300 _a186 p. :
_bil.
440 0 _aClásicos hispánicos ;
_v17
650 4 _aTEATRO ESPAÑOL -
_ySIGLO XX
_913117
651 4 _aESPAÑA -
_xHISTORIA -
_y1936-1975
_97383
700 1 _aAznar Soler, Manuel,
_eed.
905 _aLibro
999 _c148571
_d148571